[Event "Mittelrhein Verbandsliga Nord 1920"]
[Site "Mittelrhein"]
[Date "2019.12.08"]
[Round "4.5"]
[White "Both, David"]
[Black "Budelsky, Dietmar"]
[Result "1/2-1/2"]
[WhiteElo "1923"]
[BlackElo "1830"]
[PlyCount "80"]
[EventDate "2019.09.29"]
[EventType "team-tourn"]
[EventRounds "9"]
[EventCountry "GER"]
[SourceTitle "EXT 2023"]
[Source "ChessBase"]
[SourceDate "2022.10.05"]
[SourceVersion "1"]
[SourceVersionDate "2022.10.05"]
[SourceQuality "1"]
[WhiteTeam "Troisdorf"]
[BlackTeam "Pulheim"]
[WhiteTeamCountry "GER"]
[BlackTeamCountry "GER"]

1. c4 e6 2. g3 Nf6 3. Bg2 d5 4. Nf3 Be7 5. 0-0 0-0 6. Qc2 c6 7. b3 Nbd7 8. Bb2 Rb8 9. d3 b6 10. Nbd2 Bb7 11. e4 dxe4 12. dxe4 h6 13. e5 Nh7 14. Rad1 Qc7 15. Ne4 Rfd8 16. Qc3 Bf8 17. Ne1 c5 18. f4 a6 19. Nc2 b5 20. Ne3 Nb6 21. f5 bxc4 22. fxe6 Rxd1 23. Rxd1 fxe6 24. Nxc4 Nd5 25. Qf3 Qf7 26. Qxf7+ Kxf7 27. Ncd6+ Kg8 28. Bh3 Bxd6 29. Bxe6+ Kf8 30. Bxd5 Be7 31. Bxb7 Rxb7 32. Rf1+ Kg8 33. e6 Ng5 34. Nxg5 Bxg5 35. Re1 Be7 36. Ba3 Rb5 37. Bc1 Rb6 38. Bd2 Kf8 39. Bc3 Bf6 40. Bxf6 gxf6 1/2-1/2

[Event "Mittelrhein Verbandsliga Nord 1920"]
[Site "Mittelrhein"]
[Date "2019.11.17"]
[Round "3.5"]
[White "Olschewski, Martin"]
[Black "Both, David"]
[Result "0-1"]
[WhiteElo "1634"]
[BlackElo "1923"]
[PlyCount "64"]
[EventDate "2019.09.29"]
[EventType "team-tourn"]
[EventRounds "9"]
[EventCountry "GER"]
[SourceTitle "EXT 2023"]
[Source "ChessBase"]
[SourceDate "2022.10.05"]
[SourceVersion "1"]
[SourceVersionDate "2022.10.05"]
[SourceQuality "1"]
[WhiteTeam "Eikamp Freibauer"]
[BlackTeam "Troisdorf"]
[WhiteTeamCountry "GER"]
[BlackTeamCountry "GER"]

1. Nf3 d5 2. g3 Nf6 3. Bg2 Bf5 4. d3 e6 5. 0-0 h6 6. Nbd2 Be7 7. Qe1 0-0 8. e4 Bh7 9. b3 c5 10. Bb2 Nc6 11. a3 b5 12. Ne5 Nxe5 13. Bxe5 Rc8 14. Qe2 Nd7 15. Bb2 Bf6 16. e5 Be7 17. f4 Qb6 18. Kh1 c4 19. bxc4 bxc4 20. Rfb1 cxd3 21. cxd3 Qa6 22. Bf1 Nc5 23. Qe3 Bxd3 24. Bd4 Bxf1 25. Rxf1 Na4 26. f5 Bg5 27. Qe1 Rc2 28. Nf3 Rfc8 29. Nxg5 hxg5 30. Qe3 exf5 31. Qxg5 Qe2 32. Rf2 Qe4+ 0-1

[Event "Mittelrhein Verbandsliga-S 18/19"]
[Site "Nordrheinwestfalen"]
[Date "2018.10.28"]
[Round "3.5"]
[White "Altok, Mesut"]
[Black "Both, David"]
[Result "1/2-1/2"]
[WhiteElo "1895"]
[BlackElo "1895"]
[PlyCount "40"]
[EventDate "2018.09.02"]
[EventType "team-tourn"]
[EventRounds "11"]
[EventCountry "GER"]
[SourceTitle "EXT 2022"]
[Source "ChessBase"]
[SourceDate "2021.10.06"]
[SourceVersion "1"]
[SourceVersionDate "2021.10.06"]
[SourceQuality "1"]
[WhiteTeam "Satranc Club"]
[BlackTeam "Troisdorf"]
[WhiteTeamCountry "GER"]
[BlackTeamCountry "GER"]

1. e4 c6 2. Nf3 d5 3. Bd3 dxe4 4. Bxe4 Nf6 5. Nc3 Nxe4 6. Nxe4 h6 7. Qe2 Bf5 8. d4 e6 9. 0-0 Be7 10. Bf4 0-0 11. Rfe1 Qb6 12. b3 Nd7 13. c4 Bxe4 14. Qxe4 Nf6 15. Qe3 Rad8 16. h3 Rfe8 17. Rad1 c5 18. dxc5 Bxc5 19. Qe2 Bd6 20. Ne5 Bb8 1/2-1/2

[Event "Mittelrhein Verbandsliga-S 17/18"]
[Site "Nordrheinwestfalen"]
[Date "2018.01.14"]
[Round "6.4"]
[White "Wilke, Christopher"]
[Black "Both, David"]
[Result "1/2-1/2"]
[WhiteElo "1947"]
[BlackElo "1860"]
[PlyCount "53"]
[EventDate "2017.09.10"]
[EventType "team-tourn"]
[EventRounds "11"]
[EventCountry "GER"]
[SourceTitle "EXT 2022"]
[Source "ChessBase"]
[SourceDate "2021.10.06"]
[SourceVersion "1"]
[SourceVersionDate "2021.10.06"]
[SourceQuality "1"]
[WhiteTeam "Niederkassel II"]
[BlackTeam "Troisdorf"]
[WhiteTeamCountry "GER"]
[BlackTeamCountry "GER"]

1. d4 d5 2. c4 c6 3. Nf3 Nf6 4. Nc3 dxc4 5. e4 b5 6. e5 Nd5 7. a4 e6 8. axb5 Nxc3 9. bxc3 cxb5 10. Ng5 Bb7 11. Qh5 g6 12. Qg4 Be7 13. Be2 Bd5 14. h4 h5 15. Qg3 Nc6 16. Nf3 a5 17. Bb2 a4 18. 0-0 Na5 19. Qf4 Nb3 20. Ra2 Ra7 21. Rd1 Qa8 22. Ba3 Qd8 23. Bxe7 Qxe7 24. Ng5 0-0 25. Bf3 Bxf3 26. Qxf3 Rd8 27. g4 1/2-1/2

[Event "Mittelrhein Verbandsliga-S 17/18"]
[Site "Nordrheinwestfalen"]
[Date "2017.10.22"]
[Round "3.4"]
[White "Both, David"]
[Black "Mueller, Peter"]
[Result "1/2-1/2"]
[WhiteElo "1857"]
[BlackElo "1899"]
[PlyCount "65"]
[EventDate "2017.09.10"]
[EventType "team-tourn"]
[EventRounds "11"]
[EventCountry "GER"]
[SourceTitle "EXT 2022"]
[Source "ChessBase"]
[SourceDate "2021.10.06"]
[SourceVersion "1"]
[SourceVersionDate "2021.10.06"]
[SourceQuality "1"]
[WhiteTeam "Troisdorf"]
[BlackTeam "Godesberg III"]
[WhiteTeamCountry "GER"]
[BlackTeamCountry "GER"]

1. c4 c5 2. g3 g6 3. Bg2 Bg7 4. Nc3 Nc6 5. Nf3 e6 6. d3 Nge7 7. Bg5 h6 8. Bd2 0-0 9. a3 d5 10. Rb1 b6 11. Qc1 Kh7 12. b4 cxb4 13. axb4 a5 14. bxa5 Nxa5 15. cxd5 exd5 16. 0-0 Be6 17. Qb2 d4 18. Nb5 Nb3 19. Bb4 Re8 20. Ng5+ hxg5 21. Bxa8 Qxa8 22. Nc7 Qc6 23. Nxe8 Qxe8 24. Qa3 Nc5 25. Bxc5 bxc5 26. Qxc5 Nd5 27. Rb2 Qe7 28. Qxe7 Nxe7 29. Rb5 Nd5 30. Ra5 Kh6 31. Raa1 Bf8 32. Ra4 Bc5 33. Rc4 1/2-1/2

[Event "Mittelrhein Verbandsliga-O 16/17"]
[Site "Nordrheinwestfalen"]
[Date "2016.09.11"]
[Round "1"]
[White "Tbaila, Ralph"]
[Black "Both, David"]
[Result "1-0"]
[WhiteElo "1780"]
[BlackElo "1861"]
[PlyCount "75"]
[EventDate "2016.09.11"]
[EventType "team-tourn"]
[EventRounds "11"]
[EventCountry "GER"]
[SourceTitle "EXT 2022"]
[Source "ChessBase"]
[SourceDate "2021.10.06"]
[SourceVersion "1"]
[SourceVersionDate "2021.10.06"]
[SourceQuality "1"]
[WhiteTeam "Kalker/Deutzer SG"]
[BlackTeam "Troisdorf"]
[WhiteTeamCountry "GER"]
[BlackTeamCountry "GER"]

1. b4 d5 2. Bb2 c6 3. e3 Qb6 4. b5 Nf6 5. c4 Be6 6. cxd5 cxd5 7. Nf3 Nbd7 8. a4 Bf5 9. Be2 h6 10. 0-0 e6 11. Nc3 Bd6 12. a5 Qd8 13. Nd4 Bh7 14. a6 b6 15. Nc6 Qc7 16. h3 Nc5 17. d4 Nce4 18. Rc1 Qd7 19. Bd3 0-0 20. Qe2 Rfe8 21. Rfd1 Nxc3 22. Bxh7+ Kxh7 23. Bxc3 Ne4 24. Bb2 f5 25. Qd3 Qf7 26. Rc2 g5 27. Rdc1 Qh5 28. Ba3 g4 29. Bxd6 Nxd6 30. hxg4 Qxg4 31. Ne5 Qg5 32. Rc7+ Kg8 33. R1c6 Red8 34. Qa3 Nxb5 35. Qe7 Qxe7 36. Rxe7 Re8 37. Rcxe6 Nc7 38. Rg6+ 1-0

[Event "Mittelrhein Verbandsliga Ost 1314"]
[Site "Mittelrhein"]
[Date "2014.03.09"]
[Round "8.6"]
[White "Hackbusch, Thomas"]
[Black "Both, David"]
[Result "1/2-1/2"]
[WhiteElo "1873"]
[BlackElo "1844"]
[PlyCount "33"]
[EventDate "2013.09.15"]
[EventType "team-tourn"]
[EventRounds "11"]
[EventCountry "GER"]
[SourceTitle "EXT 2023"]
[Source "ChessBase"]
[SourceDate "2022.10.05"]
[SourceVersion "1"]
[SourceVersionDate "2022.10.05"]
[SourceQuality "1"]
[WhiteTeam "Koeln Porz III"]
[BlackTeam "Troisdorf"]
[WhiteTeamCountry "GER"]
[BlackTeamCountry "GER"]

1. d4 d5 2. Nf3 Nf6 3. c4 c6 4. Nc3 e6 5. e3 Nbd7 6. Bd3 dxc4 7. Bxc4 b5 8. Bd3 Bb7 9. 0-0 Be7 10. Qe2 Qc7 11. e4 a6 12. Bg5 h6 13. Bd2 c5 14. Rac1 Qb6 15. e5 Nd5 16. Nxd5 Bxd5 17. dxc5 1/2-1/2

[Event "Mittelrhein Verbandsliga Ost 1314"]
[Site "Mittelrhein"]
[Date "2013.11.24"]
[Round "4.5"]
[White "Both, David"]
[Black "Gruebner, Christopher"]
[Result "0-1"]
[WhiteElo "1844"]
[BlackElo "2011"]
[PlyCount "86"]
[EventDate "2013.09.15"]
[EventType "team-tourn"]
[EventRounds "11"]
[EventCountry "GER"]
[SourceTitle "EXT 2023"]
[Source "ChessBase"]
[SourceDate "2022.10.05"]
[SourceVersion "1"]
[SourceVersionDate "2022.10.05"]
[SourceQuality "1"]
[WhiteTeam "Troisdorf"]
[BlackTeam "Rheinbacher SF"]
[WhiteTeamCountry "GER"]
[BlackTeamCountry "GER"]

1. e4 d6 2. d4 Nf6 3. Nc3 g6 4. Bc4 Bg7 5. Nge2 c6 6. Be3 b5 7. Bd3 Ng4 8. Qd2 Nxe3 9. Qxe3 Qb6 10. Nb1 Nd7 11. Nd2 h5 12. c3 Nf6 13. Bc2 Bh6 14. Qd3 e5 15. Qf3 Ke7 16. dxe5 dxe5 17. Rd1 Bg4 18. Qg3 Bf4 19. Nxf4 Bxd1 20. Nxg6+ fxg6 21. Qxe5+ Kf7 22. Bxd1 Rhe8 23. Qf4 Kg7 24. 0-0 Qb8 25. Qh4 Qd6 26. Nb3 Rxe4 27. Qg5 Re5 28. Qg3 Rae8 29. Nd4 Ne4 30. Qd3 c5 31. f3 cxd4 32. fxe4 Rxe4 33. Qxb5 dxc3 34. Qb3 Qb6+ 35. Qxb6 axb6 36. bxc3 Rc8 37. Bb3 Rxc3 38. Rf7+ Kh6 39. Rf1 Re2 40. Rb1 Rc6 41. Rd1 Rf6 42. h3 Rff2 43. Bd5 Rd2 0-1

[Event "Mittelrhein Verbandsliga Ost 1314"]
[Site "Mittelrhein"]
[Date "2013.11.10"]
[Round "3.7"]
[White "Seyl, Frank"]
[Black "Both, David"]
[Result "0-1"]
[WhiteElo "1867"]
[BlackElo "1844"]
[PlyCount "122"]
[EventDate "2013.09.15"]
[EventType "team-tourn"]
[EventRounds "11"]
[EventCountry "GER"]
[SourceTitle "EXT 2023"]
[Source "ChessBase"]
[SourceDate "2022.10.05"]
[SourceVersion "1"]
[SourceVersionDate "2022.10.05"]
[SourceQuality "1"]
[WhiteTeam "Godesberg IV"]
[BlackTeam "Troisdorf"]
[WhiteTeamCountry "GER"]
[BlackTeamCountry "GER"]

1. d4 d5 2. Nf3 Nf6 3. e3 e6 4. Bd3 Nbd7 5. 0-0 c5 6. b3 Bd6 7. Bb2 0-0 8. Nbd2 b6 9. Ne5 Qc7 10. f4 Bb7 11. Qe1 Ne4 12. Nxe4 dxe4 13. Bc4 Bd5 14. Rd1 Bxc4 15. Nxc4 Rfd8 16. Nxd6 Qxd6 17. f5 exf5 18. Rxf5 Qe6 19. Qf1 g6 20. Rf4 cxd4 21. Rxd4 f5 22. Qd1 Qe7 23. Rf2 Ne5 24. Rfd2 Rxd4 25. exd4 Ng4 26. d5 Qc5+ 27. Bd4 Qd6 28. g3 e3 29. Re2 Qxd5 30. c4 Qe4 31. Bb2 Re8 32. Qd5+ Qxd5 33. cxd5 Rd8 34. h3 Nh6 35. Rxe3 Rxd5 36. Kf2 Rd2+ 37. Re2 Rxe2+ 38. Kxe2 Nf7 39. Kf3 Kf8 40. Ba3+ Ke8 41. Kf4 Kd7 42. g4 fxg4 43. hxg4 Ke6 44. Bf8 Ne5 45. a3 Nd3+ 46. Ke3 Nc5 47. b4 Nd7 48. Bg7 Nf6 49. g5 Ne8 50. Bf8 Kf7 51. Bh6 Nd6 52. Kd4 Nf5+ 53. Ke5 Nxh6 54. gxh6 Ke7 55. b5 Kf7 56. Kd6 g5 57. Kc7 g4 58. Kb7 g3 59. Kxa7 g2 60. Kxb6 g1Q+ 61. Kc7 Qc5+ 0-1

[Event "Mittelrhein Verbandsliga Ost 1314"]
[Site "Mittelrhein"]
[Date "2013.10.13"]
[Round "2.6"]
[White "Sanders, Frank"]
[Black "Both, David"]
[Result "1/2-1/2"]
[WhiteElo "1863"]
[BlackElo "1844"]
[PlyCount "58"]
[EventDate "2013.09.15"]
[EventType "team-tourn"]
[EventRounds "11"]
[EventCountry "GER"]
[SourceTitle "EXT 2023"]
[Source "ChessBase"]
[SourceDate "2022.10.05"]
[SourceVersion "1"]
[SourceVersionDate "2022.10.05"]
[SourceQuality "1"]
[WhiteTeam "Lohmar"]
[BlackTeam "Troisdorf"]
[WhiteTeamCountry "GER"]
[BlackTeamCountry "GER"]

1. e4 e5 2. Nf3 Nf6 3. d4 exd4 4. e5 Ne4 5. Qxd4 d5 6. exd6 Nxd6 7. Bd3 Nc6 8. Qf4 Be7 9. Nc3 Be6 10. 0-0 Qd7 11. Rd1 Bf6 12. Be3 Rd8 13. Bc5 b6 14. Bb5 a6 15. Bxc6 Qxc6 16. Bd4 Bxd4 17. Nxd4 Qc4 18. Nxe6 fxe6 19. Rd4 Qc5 20. Re1 Kd7 21. Re5 Rhf8 22. Qe3 Qc6 23. Rxe6 Rde8 24. Rxe8 Rxe8 25. Qh3+ Kd8 26. Rd1 h6 27. Qg4 Re7 28. h3 Qd7 29. Qxd7+ Rxd7 1/2-1/2

[Event "Verbandsliga Mittelrhein-Ost 1213"]
[Site "Germany"]
[Date "2012.10.21"]
[Round "3.5"]
[White "Steffens, Klaus"]
[Black "Both, David"]
[Result "1/2-1/2"]
[WhiteElo "1916"]
[BlackElo "1869"]
[PlyCount "31"]
[EventDate "2012.09.09"]
[EventType "team"]
[EventRounds "11"]
[EventCountry "GER"]
[SourceTitle "EXT 2015"]
[Source "ChessBase"]
[SourceDate "2014.11.20"]
[SourceVersion "1"]
[SourceVersionDate "2014.11.20"]
[SourceQuality "1"]
[WhiteTeam "Siegburg"]
[BlackTeam "Troisdorf"]
[WhiteTeamCountry "GER"]
[BlackTeamCountry "GER"]

1. Nf3 Nf6 2. d4 d5 3. g3 g6 4. Bg2 Bg7 5. 0-0 0-0 6. b3 Bf5 7. Bb2 Qc8 8. Nbd2 Rd8 9. c4 Bh3 10. e3 Bxg2 11. Kxg2 Qf5 12. Qe2 c6 13. Rac1 Na6 14. Ba3 Bf8 15. Ne5 Nd7 16. Nxd7 1/2-1/2

[Event "Verbandsliga Mittelrhein-Ost 1213"]
[Site "Germany"]
[Date "2012.09.30"]
[Round "2.7"]
[White "Both, David"]
[Black "Gohr, Aron"]
[Result "0-1"]
[WhiteElo "1869"]
[BlackElo "1918"]
[PlyCount "80"]
[EventDate "2012.09.09"]
[EventType "team"]
[EventRounds "11"]
[EventCountry "GER"]
[SourceTitle "EXT 2015"]
[Source "ChessBase"]
[SourceDate "2014.11.20"]
[SourceVersion "1"]
[SourceVersionDate "2014.11.20"]
[SourceQuality "1"]
[WhiteTeam "Troisdorf"]
[BlackTeam "Godesberg V"]
[WhiteTeamCountry "GER"]
[BlackTeamCountry "GER"]

1. e4 c5 2. Nc3 g6 3. g3 Bg7 4. Bg2 Nc6 5. d3 e6 6. Nge2 Nge7 7. 0-0 d5 8. exd5 Nxd5 9. Nxd5 exd5 10. Nf4 Ne7 11. Re1 0-0 12. Qe2 Bf6 13. Qf3 Be6 14. Nh5 Bh8 15. Nf6+ Bxf6 16. Qxf6 Nf5 17. Qe5 Qd6 18. Qf6 Qd8 19. Bg5 Qxf6 20. Bxf6 Rfe8 21. Re5 Nd4 22. c3 Nc6 23. Ree1 Bf5 24. Rad1 Re6 25. Rxe6 Bxe6 26. Re1 Rc8 27. h4 b5 28. Bf3 h5 29. Rd1 a5 30. b3 d4 31. cxd4 Nxd4 32. Bxd4 cxd4 33. Rd2 Rc1+ 34. Kg2 a4 35. b4 a3 36. Bb7 Rb1 37. Ba6 Rb2 38. Rd1 Bxa2 39. Bxb5 Bd5+ 40. Kg1 a2 0-1